000 02468nam a2200433 i 4500
001 182144
003 ES-MaACL
005 20250901063140.0
007 t|
008 130620e2001 sp |r 00110dspa
017 _aB 12707-2001
_bOficina Depósito Legal Barcelona
020 _a84-7491-594-5
040 _cES-MaACL
080 _a342.518(460)"1823"(093)
080 _a342.518(460)"17"
080 _a35(460)"17"
080 _a32(460)"17"(093.2)
100 1 _aEscudero, José Antonio,
_d1936-
_eaut
_9239313
245 1 4 _aLos orígenes del Consejo de Ministros en España :
_bla Junta Suprema de Estado /
_cJosé Antonio Escudero
250 _aPrimera edición: marzo de 2001
260 _aMadrid :
_bEditorial Complutense,
_c2001
300 _a2 volúmenes (711 ; 882 páginas) ;
_c24 cm
500 _aApéndice documental (v. II)
500 _aÍndice
504 _aBibliografía (v. I)
520 _aJosé Antonio Escudero reconstruye la aparición y evolución del régimen ministerial a lo largo del siglo XVIII, por lo que es una obra de consulta obligada para conocer las reformas borbónicas y la sucesión de los ministros y ministerios en esa centuria; un clásico de la historia de la Administración. Este libro estudia los orígenes del régimen ministerial en España y examina cómo fue el despacho del rey con los ministros en las distintas épocas, desde el despacho individual e informal al principio, hasta el colectivo y sistematizado después con todos los miembros del Gabinete. Orígenes del régimen ministerial español, pues, y orígenes del despacho reglado y colectivo, que se llamó Junta Suprema de Estado en 1787 y Consejo de Ministros en 1823
594 _aEn portada: Colegio Universitario de Segovia
610 1 4 _aEspaña.
_bConsejo de Ministros-
_vHistoria
_9152928
650 4 _aSecretarios de Estado-
_zEspaña-
_vHistoria
_9152929
651 4 _aEspaña-
_xAdministración-
_yS.XVIII
_9144197
651 4 _aEspaña-
_xHistoria-
_yS.XVIII-
_vFuentes
_9157994
710 2 _aEdiciones Complutense
_eedt
_9242163
852 4 _aES-MaACL
_bR.148826
_cDEPO1
_dOlim: N-5709
_jA-12709
_pv. 1
_xDonación: José Luis Abellán
_9189055
852 4 _aES-MaACL
_bR.148826
_cDEPO1
_dOlim: N-5710
_jA-12710
_pv. 2
_xDonación: José Luis Abellán
_9200669
903 _aAbellán, José Luis,
_d1933-2023
_ednr
_q1
_9176509
942 _cMONOGRAFIA
_n0
999 _c182144
_d182144